000 00370nam a2200157Ia 4500
008 210210b1962 xxu||||| |||| 00| 0 eng d
041 _aeng
082 _a535/84
100 _aLYNTON (E A)
245 _aSuperconductivity
260 _aLondon
_bMethuen Co Ltd.
_c1962
300 _aix,174
650 _aSuperconductivity
690 _aElectricity
906 _a008702
999 _c127512
_d127512